Hauptstädte der US-Bundesstaaten - Teil 1 - - Statistiken

Allgemein
  • Dieses Quiz wurde 37 mal gespielt
  • Das Durchschnittsergebnis liegt bei 9 aus 15
Antwortstatistiken
Hint Antwort % Korrekt
Texas Austin
84%
Georgia Atlanta
72%
Colorado Denver
69%
Alaska Juneau
69%
Arizona Phoenix
63%
Kalifornien Sacramento
59%
Utah Salt Lake City
59%
Florida Tallahassee
59%
Louisiana Baton Rouge
53%
Mississippi Jackson
50%
North Carolina Raleigh
50%
New Mexico Santa Fe
50%
Nevada Carson City
47%
Alabama Montgomery
47%
South Carolina Columbia
38%
Keine übereinstimmenden Quizze gefunden
Verteilung der Resultate
Anzahl Personen mit jedem Resultat
Perzentil nach korrekt beantworteten Fragen
Ihre Resultats-Entwicklung
Sie haben dieses Quiz noch nicht gespielt